Forbes ASAP

Bibliographic Details
Format: Electronic Journal
Language:English
Published: New York, NY : Forbes, 1992-c2002.
Subjects:
Online Access:Full text available from Research Library: 03/25/2002 to 10/07/2002

MARC

LEADER 00000nas a2200000 a 4500
001 ssj0013040
003 WaSeSS
005 20200512172242.0
006 m d
007 cr n
008 930204d19922002nyuqr p s 0 a0eng c
010 |a  94648579  
022 |l 1078-9901  |y 1078-9901 
035 |a (WaSeSS)ssj0013040 
040 |a HBS  |b eng  |c HBS  |d HUL  |d UIU  |d DLC  |d NSD  |d DLC  |d GUA  |d IUL  |d MYG  |d CLU  |d GUA  |d INU  |d CFI  |d OCLCQ  |d OCLCF  |d OCLCO  |d JDP  |d OCLCO  |d RDF  |d NJR  |d WaSeSS 
042 |a pcc  |a nsdp 
050 0 0 |a T58.5  |b .F67 
050 1 4 |a HF5001  |b .F61 
082 1 0 |a 658  |2 12 
210 0 |a Forbes ASAP 
222 0 |a Forbes ASAP 
245 0 0 |a Forbes ASAP  |h [electronic resource]. 
246 3 0 |a ASAP 
260 |a New York, NY :  |b Forbes,  |c 1992-c2002. 
310 |a Quarterly,  |b <fall 2001>-fall 2002 
321 |a Bimonthly (irregular),  |b 1992-<May 28, 2001> 
362 0 |a Dec. 7, 1992-fall 2002. 
500 |a Title from cover. 
506 |a License restrictions may limit access. 
515 |a Issues for <fall 2001>-fall 2002 also carry numbering of parent periodical: Forbes. 
580 |a "A technology supplement to Forbes magazine." 
650 0 |a Information technology  |v Periodicals. 
650 0 |a Computer industry  |v Periodicals. 
650 7 |a Computer industry.  |2 fast  |0 (OCoLC)fst00872154 
650 7 |a Information technology.  |2 fast  |0 (OCoLC)fst00973089 
655 0 |a Electronic journals. 
730 0 |a Forbes. 
772 1 |t Forbes  |x 0015-6914  |w (DLC) 86642890  |w (OCoLC)6465733 
850 |a DLC  |a GU  |a InU  |a MH-BA 
856 4 0 |z Full text available from Research Library: 03/25/2002 to 10/07/2002  |u https://search.proquest.com/publication/26601